Mga lahok sa talaang ginto gawad surian sa tula gantimpalang Collantes/ (Record no. 7894)

MARC details
000 -LEADER
fixed length control field 00586nam a22001817a 4500
003 - CONTROL NUMBER IDENTIFIER
control field OSt
005 - DATE AND TIME OF LATEST TRANSACTION
control field 20260128052423.0
008 - FIXED-LENGTH DATA ELEMENTS--GENERAL INFORMATION
fixed length control field 260128b |||||||| |||| 00| 0 eng d
020 ## - INTERNATIONAL STANDARD BOOK NUMBER
International Standard Book Number 971-8705-57-0.
040 ## - CATALOGING SOURCE
Original cataloging agency DWC-Main lib.
Transcribing agency OC
082 ## - DEWEY DECIMAL CLASSIFICATION NUMBER
Classification number SC. 890.081 K81 2001
100 ## - MAIN ENTRY--PERSONAL NAME
Personal name Komisyon sa Wikang Filipino
245 ## - TITLE STATEMENT
Title Mga lahok sa talaang ginto gawad surian sa tula gantimpalang Collantes/
Statement of responsibility, etc. Komisyon sa Wikang Filipino
260 ## - PUBLICATION, DISTRIBUTION, ETC.
Place of publication, distribution, etc. Manila:
Name of publisher, distributor, etc. Komisyon Sa Wikang Filipino,
Date of publication, distribution, etc. c2001.
300 ## - PHYSICAL DESCRIPTION
Extent vi, 217 p. ;
Dimensions 23 cm.
650 ## - SUBJECT ADDED ENTRY--TOPICAL TERM
Topical term or geographic name entry element Tagalog poetry.
942 ## - ADDED ENTRY ELEMENTS (KOHA)
Source of classification or shelving scheme Dewey Decimal Classification
Koha item type Special Collection
Classification part SC.
Suppress in OPAC No
952 ## - LOCATION AND ITEM INFORMATION (KOHA)
--
Holdings
Withdrawn status Lost status Source of classification or shelving scheme Damaged status Not for loan Home library Current library Shelving location Date acquired Source of acquisition Cost, normal purchase price Total Checkouts Full call number Barcode Date last seen Copy number Price effective from Koha item type Uniform Resource Identifier
    Dewey Decimal Classification     College Library College Library Special Collection 07/16/2004 School Fund 0.00   SC. 890.081 K81 2001 CL40769 01/28/2026 c1 01/28/2026 SC